000
00331nam a2200133Ia 4500
008
240624s9999 xx 000 0 und d
041
_a
eng
082
_a
920 MUK
100
_a
MUKHERJEE SUTAPA
245
_a
BEGUM AKHTAR THE QUEEN OF GHAZAL
260
_c
2003
_a
New Delhi
_b
Rupa and Company
300
_a
60 : p.
365
_c
RS
_b
25
999
_c
17563
_d
17563